Rzeki w województwie podkarpackim - nagła śmierć - Statystyki

Ogólne statystyki
  • Ten quiz został rozwiązany 64 razy
  • Średni wynik to 8 z 15
Answers on the Grid
Answers color-coded by a green-red scale on the quiz's grid according to % correct below.
Bóbr
Brzeźnica
Bukowa
Bzura
Jasiołka
Krzna
Łęg
Lubaczówka
Łyna
Mleczka
Nysa Łużycka
Obra
Odra
Orlica
Osława
Parsęta
San
Stobnica
Tanew
Trześniówka
Wełna
Wieprz
Wierzyca
Wisła
Wisłok
Wisłoka
Wisznia
 
Statystyki odpowiedzi
Odpowiedź % Poprawnych
Wisłok
82%
Jasiołka
77%
San
77%
Wisłoka
73%
Lubaczówka
70%
Łęg
57%
Tanew
57%
Wisła
57%
Osława
55%
Bukowa
36%
Trześniówka
36%
Brzeźnica
32%
Mleczka
30%
Stobnica
30%
Wisznia
23%
Nie znaleziono quizów pasujących do podanych kryteriów
Rozkład punktacji
Procent ludzi z każdym wynikiem
Percentyl według liczby udzielonych odpowiedzi
Twoja historia wyników
Nie rozwiązałeś tego quizu